000 00514nam a22001577a 4500
003 OSt
005 20150927163503.0
008 150927b xxu||||| |||| 00| 0 eng d
040 _cRUA
082 _aAGR TY 2011 B050 Or.1
100 _91455
_aTY, KEAR
245 _aEffects of irrigation systems on cucumber, ឥទ្ធិពលប្រព័ន្ធស្រោចស្រពលើដំណាំត្រសក់
260 _aPhnom Penh
_bRUA
_c2011
300 _aviii, 40p.
_bill.
_c29cm.
942 _2ddc
_cAGR
999 _c1366
_d1366